00354 a2200145 4500003000400000005001700004008004100021020001800062040000900080082001500089100001700104245005500121260002400176300000800200OSt20240116154111.0240116b |||||||| |||| 00| 0 eng d a9788182718005 coclc a300bFAR/B aFareedi, F R aBahuswarathayum Indian MuslimkalucDr. F R Fareedi aKerala:bIPH,c2016 a79p